• 首页
  • 本馆介绍
  • 公告通知
  • 最新文献
  • 馆藏检索
  • 电子资源
  • 读者导购
  • 参考咨询
  • 我的图书馆
  • 登录
  • 详细信息显示
  • 放入我的书架
  • 预约/预借图书
  • 作者相关作品
  • 分类相关作品
  • 丛书相关作品
  • 出版社相关作品

书目信息

  • 表格格式
  • 工作单格式
  • 卡片格式
题名:
个人理财
    
 
作者: ;中国银行业从业人员资格认证办公室 编
分册:  
出版信息: 北京   中国金融出版社  2013
页数: 396页
开本: 24cm
丛书名:
单 册:
中图分类: F832.48
科图分类:
主题词: 私人投资--中国--资格考试--教材 , 私人投资
电子资源:
ISBN: 978-7-5049-6947-7
000 00969nam0 2200265 450
001 523
005 20140909165112.23
010    @a978-7-5049-6947-7@dCNY49.00
100    @a20131104d2013 em y0chiy50 ea
101 0  @achi
102    @aCN@b110000
105    @ay z 000yy
106    @ar
200 1  @a个人理财@dPersonal wealth management@e2013年版@f中国银行业从业人员资格认证办公室编@zeng
210    @a北京@c中国金融出版社@d2013
215    @a396页@d24cm
300    @a中国银行业从业人员资格认证考试教材
330    @a本书内容包括:银行个人理财业务概述、银行个人理财理论与实务基础、金融市场和其他投资市场、银行理财产品、银行代理理财产品、理财顾问服务、个人理财业务相关法律法规、个人理财业务管理等。
510 1  @aPersonal wealth management@zeng
606 0  @a私人投资@y中国@x资格考试@j教材
606 0  @a私人投资
690    @aF832.48@v5
711 02 @a中国银行业从业人员资格认证办公室@4编
801  0 @aCN@bTANGWEI@c20140603
905    @b0842444-46@dF832.48@e108@f3
    
    个人理财=Personal wealth management:2013年版/中国银行业从业人员资格认证办公室编.-北京:中国金融出版社,2013
    396页;24cm
    中国银行业从业人员资格认证考试教材
    
    ISBN 978-7-5049-6947-7:CNY49.00
    本书内容包括:银行个人理财业务概述、银行个人理财理论与实务基础、金融市场和其他投资市场、银行理财产品、银行代理理财产品、理财顾问服务、个人理财业务相关法律法规、个人理财业务管理等。
●
相关链接 在E读中查询图书 在五车中查询图书 在当当中查询图书 在豆瓣中查询图书


正题名:个人理财     索取号:F832.48/108         预约/预借

序号 登录号 条形码 馆藏地/架位号 状态 备注
1 0842444   208424445   第一样本阅览室/ [索取号:F832.48/108] 在馆    
2 0842445   208424454   密集书库-海洋学院/ [索取号:F832.48/108] 在馆    
3 0842446   208424463   第一借阅区/ [索取号:F832.48/108] 在馆    
唐山师范学院图书馆 欢迎您!
大连网信软件有限公司© 版权所有